000 00481nam a2200181 a 4500
005 20140310183609.0
008 120630s19uu xx 00 eng d
020 _a9780415582599
050 _aPN 1994
_b.In537 2012
245 _aIntroduction to film studies /
_cedited by Jill Nelmes.
250 _a5th
260 _aOxon :
_bRoutledge,
_c2012.
300 _a536 p. :
_bill. ;
_c30 cm.
521 _aMC
650 _aMotion picture
942 _cBK
_2lcc
_kFOR
999 _c25215
_d25215